[Event "Russian Championship (Rapid, Men)"]
[Site "Sochi"]
[Date "2018.10.06"]
[Round "10.33"]
[White "Gorbatov, Alexej"]
[Black "Oganian, Miran"]
[Result "0-1"]
[BlackElo "2450"]
[WhiteElo "2249"]
[LiveChessVersion "1.4.8"]

1. e4 {[%clk 0:15:19]} c5 {[%clk 0:15:19]} 2. b3 {[%clk 0:15:27]} g6
{[%clk 0:15:02]} 3. Bb2 {[%clk 0:15:35]} Nf6 {[%clk 0:15:10]} 4. g3
{[%clk 0:15:43]} Bg7 {[%clk 0:15:10]} 5. Bg2 {[%clk 0:15:52]} d6 {[%clk 0:14:59]}
6. Ne2 {[%clk 0:15:54]} O-O {[%clk 0:15:01]} 7. O-O {[%clk 0:15:53]} Nc6
{[%clk 0:15:07]} 8. d4 {[%clk 0:15:06]} cxd4 {[%clk 0:15:04]} 9. Nxd4
{[%clk 0:15:15]} Bd7 {[%clk 0:15:01]} 10. c4 {[%clk 0:15:14]} Nxd4
{[%clk 0:14:46]} 11. Bxd4 {[%clk 0:14:06]} b5 {[%clk 0:14:17]} 12. cxb5
{[%clk 0:11:30]} Bxb5 {[%clk 0:14:23]} 13. Re1 {[%clk 0:11:39]} Rc8
{[%clk 0:13:01]} 14. Qd2 {[%clk 0:10:18]} Bc6 {[%clk 0:12:07]} 15. Nc3
{[%clk 0:06:21]} Qa5 {[%clk 0:08:27]} 16. Rad1 Qa6 17. h3 {[%clk 0:03:45]} Rfe8
{[%clk 0:08:16]} 18. Qb2 {[%clk 0:03:23]} Nh5 {[%clk 0:07:46]} 19. Bxg7
{[%clk 0:03:25]} Nxg7 {[%clk 0:07:54]} 20. Nd5 {[%clk 0:03:20]} Qb7
{[%clk 0:07:22]} 21. h4 {[%clk 0:03:28]} Bxd5 {[%clk 0:06:13]} 22. exd5
{[%clk 0:03:01]} Nh5 {[%clk 0:06:21]} 23. Bh3 {[%clk 0:01:58]} Rc5
{[%clk 0:06:29]} 24. Rd4 {[%clk 0:00:16]} Nf6 {[%clk 0:06:29]} 25. Red1
{[%clk 0:00:22]} a5 {[%clk 0:05:59]} 26. Qd2 {[%clk 0:00:29]} Qc7
{[%clk 0:06:03]} 27. Qf4 {[%clk 0:00:24]} Rb8 {[%clk 0:05:45]} 28. R4d2
{[%clk 0:00:26]} Rb4 {[%clk 0:05:50]} 29. Qh6 {[%clk 0:00:18]} Re4
{[%clk 0:05:39]} 30. Kg2 {[%clk 0:00:24]} Re5 {[%clk 0:05:38]} 31. Qf4
{[%clk 0:00:20]} Nxd5 {[%clk 0:05:36]} 32. Qf3 {[%clk 0:00:27]} Nf6
{[%clk 0:05:15]} 33. Qa8+ {[%clk 0:00:35]} Kg7 {[%clk 0:05:22]} 34. g4
{[%clk 0:00:42]} Rc3 {[%clk 0:03:39]} 35. Rd4 {[%clk 0:00:24]} h6
{[%clk 0:02:11]} 36. Rf4 {[%clk 0:00:16]} g5 {[%clk 0:01:35]} 37. hxg5
{[%clk 0:00:23]} hxg5 {[%clk 0:01:44]} 38. Rfd4 {[%clk 0:00:23]} d5
{[%clk 0:01:30]} 39. R1d3 {[%clk 0:00:24]} Rxd3 {[%clk 0:01:33]} 40. Rxd3
{[%clk 0:00:33]} Re4 {[%clk 0:01:13]} 41. Rf3 {[%clk 0:00:21]} Re2
{[%clk 0:00:46]} 42. Rf5 {[%clk 0:00:29]} Re5 {[%clk 0:00:45]} 43. Rxe5
{[%clk 0:00:37]} Qxe5 {[%clk 0:00:55]} 44. Qxa5 {[%clk 0:00:46]} Qe4+
{[%clk 0:01:00]} 45. f3 {[%clk 0:00:54]} Qe2+ {[%clk 0:01:03]} 46. Kg3
{[%clk 0:00:29]} e5 {[%clk 0:01:12]} 47. Qc7 {[%clk 0:00:15]} Qe3
{[%clk 0:00:35]} 48. Bg2 {[%clk 0:00:21]} Nxg4 {[%clk 0:00:15]} 49. Bh3
{[%clk 0:00:15]} Qf4+ {[%clk 0:00:20]} 0-1

[Event "Russian Championship (Rapid, Men)"]
[Site "Sochi"]
[Date "2018.10.06"]
[Round "10.34"]
[White "Vastrukhin, Oleg"]
[Black "Artamonov, Valery"]
[Result "1-0"]
[BlackElo "2258"]
[WhiteElo "2574"]
[LiveChessVersion "1.4.8"]

1. g3 {[%clk 0:15:19]} Nf6 {[%clk 0:08:41]} 2. Bg2 {[%clk 0:15:27]} c5
{[%clk 0:08:50]} 3. c4 {[%clk 0:15:35]} Nc6 {[%clk 0:08:58]} 4. Nc3
{[%clk 0:15:44]} g6 {[%clk 0:09:02]} 5. e3 {[%clk 0:15:52]} e5 {[%clk 0:09:02]}
6. Nge2 {[%clk 0:15:56]} Bg7 {[%clk 0:09:12]} 7. O-O {[%clk 0:16:03]} O-O
{[%clk 0:09:21]} 8. d3 {[%clk 0:16:12]} d6 {[%clk 0:09:29]} 9. b3
{[%clk 0:16:20]} a6 {[%clk 0:09:25]} 10. Bb2 {[%clk 0:16:29]} Rb8
{[%clk 0:09:34]} 11. Qd2 {[%clk 0:16:37]} Ne8 {[%clk 0:09:21]} 12. Nd5
{[%clk 0:16:44]} b5 {[%clk 0:09:25]} 13. Rad1 {[%clk 0:16:52]} Nc7
{[%clk 0:09:20]} 14. f4 {[%clk 0:16:57]} bxc4 {[%clk 0:08:34]} 15. dxc4
{[%clk 0:17:04]} Bg4 {[%clk 0:08:33]} 16. h3 {[%clk 0:16:53]} Bxe2
{[%clk 0:08:40]} 17. Qxe2 {[%clk 0:16:59]} Nxd5 {[%clk 0:07:50]} 18. Bxd5
{[%clk 0:17:03]} Nb4 {[%clk 0:07:53]} 19. fxe5 {[%clk 0:17:07]} Qg5
{[%clk 0:07:47]} 20. Qf3 {[%clk 0:16:27]} Nxa2 {[%clk 0:06:52]} 21. h4
{[%clk 0:16:24]} Qh6 {[%clk 0:06:43]} 22. Bxf7+ {[%clk 0:14:54]} Kh8
{[%clk 0:06:51]} 23. Rxd6 {[%clk 0:15:02]} Rxb3 {[%clk 0:06:44]} 24. e6
{[%clk 0:15:10]} Bxb2 {[%clk 0:04:30]} 25. e7 {[%clk 0:15:18]} Rxe3
{[%clk 0:04:08]} 26. exf8=Q+ {[%clk 0:14:35]} Qxf8 {[%clk 0:04:17]} 27. Qxe3
{[%clk 0:14:20]} Qxd6 {[%clk 0:04:26]} 28. Kg2 {[%clk 0:14:28]} Qe5
{[%clk 0:02:56]} 29. Qxe5+ {[%clk 0:14:00]} Bxe5 {[%clk 0:03:05]} 30. g4
{[%clk 0:14:09]} Kg7 {[%clk 0:01:42]} 31. Be6 {[%clk 0:14:17]} h6
{[%clk 0:01:29]} 32. Rf7+ {[%clk 0:14:20]} Kh8 {[%clk 0:01:38]} 33. Kf3
{[%clk 0:14:24]} Nb4 {[%clk 0:01:43]} 34. Ke4 {[%clk 0:14:15]} Bg7
{[%clk 0:01:40]} 35. Ra7 {[%clk 0:14:06]} Bf6 {[%clk 0:01:33]} 36. h5
{[%clk 0:14:14]} gxh5 {[%clk 0:01:38]} 37. Kf5 {[%clk 0:14:19]} Bd8
{[%clk 0:00:22]} 38. Kg6 {[%clk 0:14:26]} 1-0

[Event "Russian Championship (Rapid, Men)"]
[Site "Sochi"]
[Date "2018.10.06"]
[Round "10.35"]
[White "Gordievsky, Dmitry"]
[Black "Mikhailovsky, Vladimir"]
[Result "1-0"]
[BlackElo "2331"]
[WhiteElo "2498"]
[LiveChessVersion "1.4.8"]

1. Nf3 {[%clk 0:15:17]} d5 {[%clk 0:15:11]} 2. e3 {[%clk 0:15:26]} Bg4
{[%clk 0:15:03]} 3. c4 {[%clk 0:15:35]} Bxf3 {[%clk 0:13:53]} 4. Qxf3
{[%clk 0:15:09]} e6 {[%clk 0:14:00]} 5. b3 {[%clk 0:14:35]} Nf6 {[%clk 0:14:06]}
6. Bb2 {[%clk 0:14:43]} Be7 {[%clk 0:14:13]} 7. g4 {[%clk 0:14:43]} h6
{[%clk 0:13:58]} 8. Bg2 {[%clk 0:14:23]} c6 {[%clk 0:14:02]} 9. Qe2
{[%clk 0:13:41]} Nbd7 {[%clk 0:13:52]} 10. O-O {[%clk 0:13:45]} Qc7
{[%clk 0:12:41]} 11. Nc3 {[%clk 0:12:32]} dxc4 {[%clk 0:09:55]} 12. bxc4
{[%clk 0:12:31]} g5 {[%clk 0:09:58]} 13. Ne4 {[%clk 0:09:20]} h5 {[%clk 0:09:57]}
14. f4 {[%clk 0:09:09]} hxg4 {[%clk 0:09:41]} 15. Nxg5 {[%clk 0:09:14]} Rh6
{[%clk 0:08:46]} 16. d4 {[%clk 0:08:57]} Nh7 {[%clk 0:07:02]} 17. Nxh7
{[%clk 0:08:47]} Rxh7 {[%clk 0:07:10]} 18. d5 {[%clk 0:08:55]} O-O-O
{[%clk 0:05:52]} 19. dxc6 {[%clk 0:09:02]} bxc6 {[%clk 0:05:54]} 20. c5
{[%clk 0:07:46]} Bf6 {[%clk 0:03:10]} 21. Bxf6 {[%clk 0:05:13]} Nxf6
{[%clk 0:03:18]} 22. Rab1 {[%clk 0:05:22]} Kd7 {[%clk 0:01:29]} 23. Qa6
{[%clk 0:05:30]} Ke8 {[%clk 0:01:28]} 24. Rb7 {[%clk 0:05:32]} Qc8
{[%clk 0:01:36]} 25. Qxc6+ {[%clk 0:04:24]} Kf8 {[%clk 0:01:35]} 26. Qxc8
{[%clk 0:03:59]} Rxc8 {[%clk 0:01:43]} 27. Rc1 {[%clk 0:03:55]} Rh5
{[%clk 0:00:47]} 28. c6 {[%clk 0:04:04]} Nd5 {[%clk 0:00:44]} 29. c7
{[%clk 0:03:20]} Ke7 {[%clk 0:00:52]} 30. Rxa7 {[%clk 0:03:29]} Kd6
{[%clk 0:00:49]} 31. Ra5 {[%clk 0:02:19]} f5 {[%clk 0:00:15]} 32. Ra6+
{[%clk 0:01:08]} Kd7 {[%clk 0:00:22]} 33. Bxd5 {[%clk 0:01:16]} exd5
{[%clk 0:00:31]} 34. Rf6 {[%clk 0:01:25]} Rch8 {[%clk 0:00:25]} 35. Rf7+
{[%clk 0:01:25]} Ke6 {[%clk 0:00:20]} 36. Rg7 {[%clk 0:01:20]} Kf6
{[%clk 0:00:11]} 37. Rd7 {[%clk 0:01:28]} Rxh2 {[%clk 0:00:21]} 38. Rc6#
{[%clk 0:01:35]} 1-0

[Event "Russian Championship (Rapid, Men)"]
[Site "Sochi"]
[Date "2018.10.06"]
[Round "10.36"]
[White "Kozionov, Kirill"]
[Black "Smirnov, Timofey"]
[Result "1-0"]
[BlackElo "2348"]
[WhiteElo "2475"]
[LiveChessVersion "1.4.8"]

1. d4 {[%clk 0:15:19]} d5 {[%clk 0:15:12]} 2. c4 {[%clk 0:15:29]} c6
{[%clk 0:15:21]} 3. Nf3 {[%clk 0:15:37]} Nf6 {[%clk 0:15:30]} 4. Nc3
{[%clk 0:15:46]} dxc4 {[%clk 0:15:38]} 5. a4 {[%clk 0:15:53]} e6 {[%clk 0:15:47]}
6. e4 {[%clk 0:15:53]} Bb4 {[%clk 0:15:38]} 7. Bg5 {[%clk 0:16:02]} Qa5
{[%clk 0:13:39]} 8. Bd2 {[%clk 0:16:05]} Qc7 {[%clk 0:12:07]} 9. e5
{[%clk 0:14:46]} Bxc3 {[%clk 0:10:59]} 10. bxc3 {[%clk 0:14:39]} Ne4
{[%clk 0:11:00]} 11. Bxc4 {[%clk 0:14:20]} c5 {[%clk 0:09:56]} 12. Rc1
{[%clk 0:12:20]} Nxd2 {[%clk 0:09:17]} 13. Nxd2 {[%clk 0:12:12]} O-O
{[%clk 0:09:19]} 14. Ne4 {[%clk 0:10:27]} cxd4 {[%clk 0:09:18]} 15. cxd4
{[%clk 0:10:36]} Qa5+ {[%clk 0:09:27]} 16. Qd2 {[%clk 0:10:35]} Qxd2+
{[%clk 0:08:56]} 17. Kxd2 {[%clk 0:10:20]} Bd7 {[%clk 0:08:38]} 18. Bb5
{[%clk 0:09:26]} Bc6 {[%clk 0:08:25]} 19. Ke3 {[%clk 0:09:07]} Bxe4
{[%clk 0:08:06]} 20. Kxe4 {[%clk 0:09:15]} a6 {[%clk 0:08:12]} 21. Bc4
{[%clk 0:08:17]} Nd7 {[%clk 0:07:38]} 22. Rb1 {[%clk 0:06:49]} Rac8
{[%clk 0:06:05]} 23. Bd3 {[%clk 0:06:33]} Rc7 {[%clk 0:06:09]} 24. Rb2
{[%clk 0:05:42]} Ra8 {[%clk 0:04:08]} 25. Rhb1 {[%clk 0:05:43]} Ra7
{[%clk 0:04:17]} 26. Ke3 {[%clk 0:05:12]} b6 {[%clk 0:02:50]} 27. Rb3
{[%clk 0:04:13]} h5 {[%clk 0:01:58]} 28. f4 {[%clk 0:04:04]} g6 {[%clk 0:02:04]}
29. g3 {[%clk 0:04:04]} Kf8 {[%clk 0:01:52]} 30. h3 {[%clk 0:04:06]} Ke7
{[%clk 0:01:52]} 31. g4 {[%clk 0:03:16]} hxg4 {[%clk 0:01:58]} 32. hxg4
{[%clk 0:03:26]} b5 {[%clk 0:01:44]} 33. axb5 {[%clk 0:03:18]} axb5
{[%clk 0:01:52]} 34. Rxb5 {[%clk 0:03:24]} Ra3 {[%clk 0:00:44]} 35. R5b3
{[%clk 0:03:03]} Ra2 {[%clk 0:00:15]} 36. Rh1 {[%clk 0:02:15]} Rg2
{[%clk 0:00:12]} 37. Be2 {[%clk 0:02:21]} Rg3+ {[%clk 0:00:12]} 38. Bf3
{[%clk 0:02:29]} Rc2 {[%clk 0:00:18]} 39. f5 {[%clk 0:00:25]} gxf5
{[%clk 0:00:13]} 40. Kf4 {[%clk 0:00:15]} Rcg2 {[%clk 0:00:17]} 41. Bxg2
{[%clk 0:00:14]} Rxb3 {[%clk 0:00:18]} 42. gxf5 {[%clk 0:00:23]} exf5
{[%clk 0:00:24]} 43. Kxf5 {[%clk 0:00:19]} Rb2 {[%clk 0:00:18]} 44. Bc6
{[%clk 0:00:17]} Rf2+ {[%clk 0:00:18]} 45. Ke4 {[%clk 0:00:26]} Nf8
{[%clk 0:00:11]} 46. Rb1 {[%clk 0:00:18]} Ne6 {[%clk 0:00:11]} 47. d5
{[%clk 0:00:19]} Re2+ {[%clk 0:00:13]} 48. Kf5 {[%clk 0:00:12]} Nd4+
{[%clk 0:00:16]} 49. Kf4 {[%clk 0:00:21]} Nxc6 {[%clk 0:00:14]} 50. Rb7+
{[%clk 0:00:29]} Ke8 51. dxc6 {[%clk 0:00:38]} Rc2 {[%clk 0:00:19]} 52. Rc7
{[%clk 0:00:28]} Rc1 {[%clk 0:00:12]} 53. Ke4 {[%clk 0:00:15]} Re1+
{[%clk 0:00:17]} 54. Kd5 {[%clk 0:00:22]} Rd1+ {[%clk 0:00:27]} 55. Kc5
{[%clk 0:00:30]} Rc1+ {[%clk 0:00:36]} 56. Kb6 {[%clk 0:00:23]} Rb1+
{[%clk 0:00:31]} 57. Ka7 {[%clk 0:00:30]} Rb5 {[%clk 0:00:37]} 58. Rb7
{[%clk 0:00:18]} Rxe5 {[%clk 0:00:43]} 59. Rb8+ {[%clk 0:00:16]} Ke7
{[%clk 0:00:52]} 60. c7 {[%clk 0:00:25]} Rc5 {[%clk 0:00:55]} 61. Kb6
{[%clk 0:00:29]} Rc1 {[%clk 0:01:03]} 62. c8=Q {[%clk 0:00:34]} Rxc8
{[%clk 0:01:11]} 63. Rxc8 {[%clk 0:00:43]} Ke6 {[%clk 0:01:18]} 64. Rc5
{[%clk 0:00:28]} f5 {[%clk 0:01:22]} 65. Kb5 {[%clk 0:00:27]} Kf6
{[%clk 0:01:31]} 66. Kc4 {[%clk 0:00:32]} Kg5 {[%clk 0:01:40]} 67. Kd3
{[%clk 0:00:41]} Kg4 {[%clk 0:01:58]} 68. Ke2 1-0

[Event "Russian Championship (Rapid, Men)"]
[Site "Sochi"]
[Date "2018.10.06"]
[Round "11.1"]
[White "Bocharov, Dmitry"]
[Black "Artemiev, Vladislav"]
[Result "1/2-1/2"]
[BlackElo "2764"]
[WhiteElo "2568"]
[LiveChessVersion "1.4.8"]

1. Nf3 {[%clk 0:15:17]} d5 {[%clk 0:15:17]} 2. d4 {[%clk 0:15:22]} Bf5
{[%clk 0:15:24]} 3. c4 {[%clk 0:14:44]} e6 {[%clk 0:15:33]} 4. Nc3
{[%clk 0:14:52]} Nf6 {[%clk 0:15:41]} 5. Nh4 {[%clk 0:14:09]} Bb4
{[%clk 0:14:52]} 6. Nxf5 {[%clk 0:13:04]} exf5 {[%clk 0:15:00]} 7. e3
{[%clk 0:12:06]} O-O {[%clk 0:14:50]} 8. Bd3 {[%clk 0:10:56]} c5 {[%clk 0:14:05]}
9. O-O {[%clk 0:10:29]} dxc4 {[%clk 0:13:46]} 10. Bxc4 {[%clk 0:10:37]} Nc6
{[%clk 0:13:44]} 11. Ne2 {[%clk 0:09:37]} cxd4 {[%clk 0:13:26]} 12. Nxd4
{[%clk 0:09:16]} Nxd4 {[%clk 0:12:09]} 13. exd4 {[%clk 0:09:06]} Rc8
{[%clk 0:12:18]} 14. Bb3 {[%clk 0:08:51]} Bd6 {[%clk 0:10:36]} 15. Qf3
{[%clk 0:08:20]} Qd7 {[%clk 0:10:45]} 16. Bf4 {[%clk 0:07:53]} Bxf4
{[%clk 0:10:31]} 17. Qxf4 {[%clk 0:07:55]} Rfe8 {[%clk 0:10:01]} 18. Rac1
{[%clk 0:07:25]} g6 {[%clk 0:09:33]} 19. h3 {[%clk 0:07:12]} Kg7 {[%clk 0:08:30]}
20. Rxc8 {[%clk 0:06:31]} Rxc8 {[%clk 0:08:33]} 21. Rd1 {[%clk 0:06:40]} Ne4
{[%clk 0:07:40]} 22. Qe5+ {[%clk 0:05:22]} Kg8 {[%clk 0:07:45]} 23. Qf4
{[%clk 0:05:08]} a5 {[%clk 0:05:37]} 24. f3 {[%clk 0:04:42]} Nd6 {[%clk 0:04:41]}
25. a4 {[%clk 0:03:59]} b5 {[%clk 0:03:01]} 26. Re1 {[%clk 0:03:21]} bxa4
{[%clk 0:02:30]} 27. Bxa4 {[%clk 0:03:14]} Qxa4 {[%clk 0:02:08]} 28. Qxd6
{[%clk 0:03:21]} Qb5 {[%clk 0:01:11]} 29. Qe5 {[%clk 0:01:21]} Qxb2 30. Qxa5
{[%clk 0:01:13]} Qxd4+ {[%clk 0:01:07]} 31. Kh1 {[%clk 0:01:21]} Qf2
{[%clk 0:01:10]} 32. Qe5 {[%clk 0:01:21]} h5 {[%clk 0:01:05]} 33. Rb1
{[%clk 0:01:16]} Qa7 {[%clk 0:01:05]} 34. Rd1 {[%clk 0:01:16]} Qb6
{[%clk 0:00:50]} 35. Qd4 {[%clk 0:01:20]} Qb3 {[%clk 0:00:38]} 36. Qd5
{[%clk 0:01:16]} Qe3 {[%clk 0:00:40]} 37. Qd4 {[%clk 0:01:22]} Qg5
{[%clk 0:00:47]} 38. Qd7 {[%clk 0:01:24]} Ra8 {[%clk 0:00:46]} 39. Re1
{[%clk 0:01:18]} Qf6 {[%clk 0:00:27]} 40. Re8+ {[%clk 0:01:25]} Rxe8
{[%clk 0:00:36]} 41. Qxe8+ {[%clk 0:01:34]} Kg7 {[%clk 0:00:45]} 42. Qe1
{[%clk 0:01:40]} g5 {[%clk 0:00:21]} 43. Qd1 {[%clk 0:01:31]} Kg6
{[%clk 0:00:29]} 44. Qb1 {[%clk 0:01:36]} Kh6 {[%clk 0:00:34]} 45. Qc1
{[%clk 0:01:44]} Qd4 {[%clk 0:00:40]} 46. Qc6+ {[%clk 0:01:47]} Kg7
{[%clk 0:00:50]} 47. Qc1 {[%clk 0:01:55]} Kg6 {[%clk 0:00:50]} 48. Qc6+
{[%clk 0:02:02]} Qf6 {[%clk 0:00:59]} 49. Qc8 {[%clk 0:01:41]} Kg7
{[%clk 0:00:33]} 50. Qc4 {[%clk 0:01:19]} Qa1+ {[%clk 0:00:38]} 51. Kh2
{[%clk 0:01:27]} Qe5+ {[%clk 0:00:46]} 52. Kh1 {[%clk 0:01:33]} Kf6
{[%clk 0:00:38]} 53. Qc6+ {[%clk 0:01:36]} Qe6 {[%clk 0:00:47]} 54. Qc3+
{[%clk 0:01:45]} Kg6 {[%clk 0:00:56]} 55. Qc2 {[%clk 0:01:46]} Qd5
{[%clk 0:00:22]} 56. Kh2 {[%clk 0:01:49]} Kf6 {[%clk 0:00:29]} 57. Qc8
{[%clk 0:01:36]} Qe5+ {[%clk 0:00:20]} 58. Kh1 {[%clk 0:01:44]} Kg7
{[%clk 0:00:26]} 59. Qd7 {[%clk 0:01:37]} Qe6 {[%clk 0:00:18]} 60. Qd4+
{[%clk 0:01:42]} f6 {[%clk 0:00:27]} 61. Qd1 {[%clk 0:01:14]} Kg6
{[%clk 0:00:21]} 62. Qb1 {[%clk 0:01:16]} Qd5 {[%clk 0:00:20]} 63. Qc2
{[%clk 0:01:16]} Kf7 {[%clk 0:00:29]} 64. Qc7+ {[%clk 0:01:21]} Ke6
{[%clk 0:00:38]} 65. Qc8+ {[%clk 0:00:57]} Ke5 {[%clk 0:00:47]} 66. Qc7+
{[%clk 0:00:46]} Kd4 {[%clk 0:00:52]} 67. Qb6+ {[%clk 0:00:53]} Ke5
{[%clk 0:00:55]} 68. Qc7+ {[%clk 0:00:40]} Qd6 {[%clk 0:00:59]} 69. Qc3+
{[%clk 0:00:44]} Ke6 {[%clk 0:01:07]} 70. Qc8+ {[%clk 0:00:42]} Qd7
{[%clk 0:01:15]} 71. Qc4+ {[%clk 0:00:43]} Ke7 {[%clk 0:01:23]} 72. Qc5+
{[%clk 0:00:47]} Kf7 {[%clk 0:01:32]} 73. Qc4+ {[%clk 0:00:55]} Kg7
{[%clk 0:01:40]} 74. Qe2 {[%clk 0:00:55]} Qc7 {[%clk 0:01:33]} 75. Qd1
{[%clk 0:01:00]} Qe7 {[%clk 0:01:22]} 76. Qb1 {[%clk 0:01:04]} g4
{[%clk 0:01:28]} 77. hxg4 {[%clk 0:01:02]} fxg4 {[%clk 0:01:37]} 78. fxg4
{[%clk 0:00:55]} hxg4 {[%clk 0:01:45]} 79. Qf5 {[%clk 0:00:25]} Qe1+
{[%clk 0:01:35]} 80. Kh2 {[%clk 0:00:33]} Qh4+ {[%clk 0:01:44]} 81. Kg1
{[%clk 0:00:42]} Kh6 {[%clk 0:01:53]} 82. Qc8 {[%clk 0:00:38]} Qe1+
{[%clk 0:01:54]} 83. Kh2 {[%clk 0:00:46]} Kg5 {[%clk 0:02:03]} 84. Qg8+
{[%clk 0:00:36]} Kf4 {[%clk 0:02:12]} 85. Qc4+ {[%clk 0:00:29]} Kf5
{[%clk 0:02:21]} 86. Qc2+ {[%clk 0:00:27]} Qe4 {[%clk 0:02:30]} 87. Qc8+
{[%clk 0:00:36]} Kg5 {[%clk 0:02:35]} 88. Qg8+ {[%clk 0:00:29]} Kf4
{[%clk 0:02:44]} 89. Qb3 {[%clk 0:00:16]} Qe3 {[%clk 0:02:30]} 90. Qc4+
{[%clk 0:00:12]} Kg5 {[%clk 0:02:39]} 91. Qg8+ {[%clk 0:00:18]} Kf4
{[%clk 0:02:37]} 92. Qc4+ {[%clk 0:00:25]} Qe4 {[%clk 0:02:13]} 93. Qc1+
{[%clk 0:00:16]} Kf5 {[%clk 0:02:21]} 94. Qc8+ {[%clk 0:00:24]} Kg5
{[%clk 0:02:26]} 95. Qg8+ {[%clk 0:00:24]} Kf4 {[%clk 0:02:35]} 96. Qb3
{[%clk 0:00:21]} f5 {[%clk 0:02:43]} 97. g3+ {[%clk 0:00:20]} Ke5
{[%clk 0:02:52]} 98. Qc3+ {[%clk 0:00:19]} Kd5 {[%clk 0:02:58]} 99. Qa5+
{[%clk 0:00:26]} Kc4 {[%clk 0:03:05]} 100. Qa4+ {[%clk 0:00:34]} Kc3
{[%clk 0:03:11]} 101. Qa3+ {[%clk 0:00:36]} Kd2 {[%clk 0:03:20]} 102. Qa5+
{[%clk 0:00:17]} Ke2 {[%clk 0:03:23]} 103. Qa2+ {[%clk 0:00:21]} Kd1
{[%clk 0:03:19]} 104. Qa1+ {[%clk 0:00:22]} Kd2 {[%clk 0:03:23]} 105. Qa5+
{[%clk 0:00:31]} Kc2 {[%clk 0:02:10]} 106. Qa2+ {[%clk 0:00:38]} Kd1
{[%clk 0:02:11]} 107. Qa1+ {[%clk 0:00:44]} Kd2 {[%clk 0:02:19]} 108. Qa5+
{[%clk 0:00:51]} Ke2 {[%clk 0:02:24]} 109. Qa2+ {[%clk 0:00:58]} Kf1
{[%clk 0:02:31]} 110. Qf2+ {[%clk 0:00:31]} 1/2-1/2

[Event "Russian Championship (Rapid, Men)"]
[Site "Sochi"]
[Date "2018.10.06"]
[Round "11.2"]
[White "Bocharov, Ivan"]
[Black "Dubov, Daniil"]
[Result "1/2-1/2"]
[BlackElo "2697"]
[WhiteElo "2668"]
[LiveChessVersion "1.4.8"]

1. e4 {[%clk 0:15:19]} c5 {[%clk 0:15:19]} 2. Nf3 {[%clk 0:15:28]} Nc6
{[%clk 0:15:28]} 3. d4 {[%clk 0:15:37]} cxd4 {[%clk 0:15:36]} 4. Nxd4
{[%clk 0:15:46]} Nf6 {[%clk 0:15:45]} 5. Nc3 {[%clk 0:15:55]} e5 {[%clk 0:15:53]}
6. Ndb5 {[%clk 0:16:01]} d6 {[%clk 0:16:01]} 7. Bg5 {[%clk 0:16:09]} a6
{[%clk 0:16:10]} 8. Na3 {[%clk 0:16:18]} b5 {[%clk 0:16:18]} 9. Nd5
{[%clk 0:16:25]} Be7 {[%clk 0:16:27]} 10. Bxf6 {[%clk 0:16:34]} Bxf6
{[%clk 0:16:35]} 11. c3 {[%clk 0:16:41]} Rb8 {[%clk 0:16:38]} 12. Nc2
{[%clk 0:16:47]} Bg5 {[%clk 0:16:46]} 13. Be2 {[%clk 0:16:08]} O-O
{[%clk 0:16:46]} 14. O-O {[%clk 0:16:16]} Kh8 {[%clk 0:16:17]} 15. Qd3
{[%clk 0:15:58]} Be6 {[%clk 0:15:42]} 16. Rfd1 {[%clk 0:15:19]} f5
{[%clk 0:15:16]} 17. Bf3 {[%clk 0:15:27]} f4 {[%clk 0:11:26]} 18. Ndb4
{[%clk 0:15:12]} Nxb4 {[%clk 0:11:20]} 19. Nxb4 {[%clk 0:15:21]} Rb6
{[%clk 0:11:27]} 20. Nd5 {[%clk 0:14:32]} Rb7 {[%clk 0:11:23]} 21. Nb4
{[%clk 0:14:41]} Rb6 {[%clk 0:11:24]} 22. Nd5 {[%clk 0:14:50]} Rb7
{[%clk 0:10:08]} 23. Nb4 {[%clk 0:14:58]} 1/2-1/2